[Event "VEN-ch Expertos"]
[Site "Caracas"]
[Date "2022.04.14"]
[Round "3"]
[White "Guerrero Vargas, Juan Alfonso"]
[Black "Mogollon Abreu, Carlos Gustavo"]
[Result "0-1"]
[WhiteElo "2034"]
[BlackElo "1936"]
[PlyCount "66"]
[EventDate "2022.04.13"]
[EventType "swiss"]
[EventRounds "7"]
[EventCountry "VEN"]
[SourceTitle "CBM 207 Extra"]
[Source "ChessBase"]
[SourceDate "2022.05.31"]
[SourceVersion "1"]
[SourceVersionDate "2022.05.31"]
[SourceQuality "1"]

1. e4 c6 2. d4 d5 3. Nc3 dxe4 4. Nxe4 Bf5 5. Ng3 Bd7 6. Nf3 e6 7. Ne5 Nf6 8. Bf4 c5 9. Nc4 Bc6 10. dxc5 Qxd1+ 11. Rxd1 Bxc5 12. Bd6 Nbd7 13. b4 Bxd6 14. Nxd6+ Ke7 15. c4 a6 16. f3 b6 17. Be2 Ne8 18. Nxe8 Rhxe8 19. 0-0 f5 20. f4 Rec8 21. Rfe1 g6 22. Rd4 a5 23. a3 axb4 24. axb4 Ra4 25. Rb1 Nf6 26. Rb2 Ra1+ 27. Kf2 h5 28. Bf3 Bxf3 29. Kxf3 Ng4 30. h3 Ra3+ 31. Ke2 Rxg3 32. Kf1 Ne3+ 33. Kg1 Rxc4 0-1

[Event "San Cristobal op 3rd"]
[Site "San Cristobal"]
[Date "2016.11.11"]
[Round "3"]
[White "Obregon Peralta, Victor Marco"]
[Black "Mogollon Abreu, Carlos Gustavo"]
[Result "1-0"]
[WhiteElo "2137"]
[BlackElo "1934"]
[PlyCount "73"]
[EventDate "2016.11.10"]
[EventType "swiss"]
[EventRounds "7"]
[EventCountry "VEN"]
[SourceTitle "EXT 2018"]
[Source "ChessBase"]
[SourceDate "2017.10.13"]
[SourceVersion "1"]
[SourceVersionDate "2017.10.13"]
[SourceQuality "1"]

1. d4 Nf6 2. c4 g6 3. Nc3 d5 4. e3 Bg7 5. Qb3 c6 6. Nf3 0-0 7. Be2 dxc4 8. Bxc4 b5 9. Bd3 Be6 10. Qd1 Na6 11. 0-0 Nb4 12. Be2 Qb6 13. a3 Nbd5 14. Bd2 Nxc3 15. Bxc3 Ne4 16. Bb4 c5 17. dxc5 Nxc5 18. Nd4 Bc4 19. Rc1 Rfc8 20. Bxc4 bxc4 21. Rxc4 a5 22. Bxa5 Qa6 23. Qc2 Nd7 24. Rxc8+ Rxc8 25. Qd2 Qc4 26. Bb4 e5 27. b3 Qd5 28. Nf3 Qe6 29. Rb1 Qf5 30. Rc1 Rxc1+ 31. Qxc1 Qd3 32. Nd2 Bh6 33. Qc4 Qf5 34. a4 Nf6 35. a5 Qd7 36. a6 Bg5 37. h3 1-0

[Event "San Cristobal op 3rd"]
[Site "San Cristobal"]
[Date "2016.11.10"]
[Round "1"]
[White "Ramirez Vergara, Jemmily"]
[Black "Mogollon Abreu, Carlos Gustavo"]
[Result "0-1"]
[WhiteElo "1523"]
[BlackElo "1934"]
[PlyCount "50"]
[EventDate "2016.11.10"]
[EventType "swiss"]
[EventRounds "7"]
[EventCountry "VEN"]
[SourceTitle "EXT 2018"]
[Source "ChessBase"]
[SourceDate "2017.10.13"]
[SourceVersion "1"]
[SourceVersionDate "2017.10.13"]
[SourceQuality "1"]

1. e4 e5 2. Nf3 Nc6 3. d4 exd4 4. Nxd4 Nf6 5. Nxc6 bxc6 6. Bd3 Bb4+ 7. c3 Bc5 8. 0-0 d5 9. exd5 cxd5 10. Re1+ Be6 11. Bb5+ Kf8 12. Be3 Qd6 13. h3 Rb8 14. Ba4 Bxe3 15. Rxe3 Rxb2 16. Bb3 Ne4 17. Qc1 Rxf2 18. Bxd5 Bxd5 19. Rxe4 Rxg2+ 20. Kxg2 Bxe4+ 21. Kf2 Qh2+ 22. Ke3 f5 23. Qa3+ Kf7 24. Qb3+ Kf6 25. Na3 Rd8 0-1

[Event "Caracas FVA 80th Ann"]
[Site "Caracas"]
[Date "2015.12.20"]
[Round "8"]
[White "Mogollon Abreu, Carlos Gustavo"]
[Black "Colmenares Suarez, Jose Fabian"]
[Result "0-1"]
[WhiteElo "1872"]
[BlackElo "1684"]
[PlyCount "110"]
[EventDate "2015.12.16"]
[EventType "swiss"]
[EventRounds "8"]
[EventCountry "VEN"]
[SourceTitle "EXT 2018"]
[Source "ChessBase"]
[SourceDate "2017.10.13"]
[SourceVersion "1"]
[SourceVersionDate "2017.10.13"]
[SourceQuality "1"]

1. e4 d5 2. exd5 Qxd5 3. Nc3 Qa5 4. Nf3 Nf6 5. Qe2 c6 6. d4 Bg4 7. Qe5 Qb6 8. Nd2 Nbd7 9. Nc4 Nxe5 10. Nxb6 axb6 11. dxe5 Nd7 12. f4 e6 13. Bd2 b5 14. Nd1 Bxd1 15. Kxd1 Bc5 16. Bd3 0-0 17. c4 bxc4 18. Bxc4 Nb6 19. Bb3 Rfd8 20. Ke2 Bd4 21. Rab1 c5 22. a3 Nd5 23. Bc4 Nc7 24. Bd3 b5 25. Be4 Nd5 26. Rhf1 Ra7 27. Rf3 c4 28. f5 Bxe5 29. fxe6 fxe6 30. Rh3 g6 31. Rh4 Rf7 32. Bf3 Bf6 33. Rg4 Kg7 34. h4 h5 35. Re4 Bxb2 36. Rxb2 c3 37. Bc1 cxb2 38. Bxb2+ Kh7 39. Kf1 Re8 40. Re2 e5 41. Kg1 Nf4 42. Re4 Nd3 43. Bc3 Rc7 44. Bd2 Rc4 45. Re3 e4 46. Be2 Rd8 47. g4 Nf4 48. Bxc4 Rxd2 49. Bxb5 Rd4 50. g5 Nd5 51. Re1 Nc3 52. Bc6 Rc4 53. Bd7 Rc7 54. Be8 Re7 55. Re3 Nd5 0-1

[Event "Caracas VII Aniversario Ciencias U.C.V."]
[Site "Caracas"]
[Date "2015.04.01"]
[Round "2.8"]
[White "Huerta Escobar, Bruce"]
[Black "Mogollon Abreu, Carlos Gustavo"]
[Result "1-0"]
[WhiteElo "2062"]
[BlackElo "1789"]
[PlyCount "73"]
[EventDate "2015.04.01"]
[EventType "swiss"]
[EventRounds "9"]
[EventCountry "VEN"]
[SourceTitle "EXT 2022"]
[Source "ChessBase"]
[SourceDate "2021.10.06"]
[SourceVersion "1"]
[SourceVersionDate "2021.10.06"]
[SourceQuality "1"]

1. e4 e5 2. Nf3 Nc6 3. Bc4 Nf6 4. d3 d5 5. exd5 Nxd5 6. 0-0 Be7 7. Re1 Bg4 8. h3 Bh5 9. g4 Bg6 10. Nxe5 Nxe5 11. Rxe5 Nb6 12. Qe2 Kf8 13. Nc3 Bf6 14. Re3 h5 15. Rg3 hxg4 16. hxg4 Bd4 17. g5 Qd6 18. Be3 Re8 19. Nb5 Qxg3+ 20. fxg3 Bxe3+ 21. Kg2 Nxc4 22. Nxc7 Re5 23. Qg4 Bf5 24. Qxc4 Rc5 25. Qb4 Kg8 26. Re1 a5 27. Qxb7 Rxc2+ 28. Kf3 Bc5 29. Kf4 g6 30. Qb8+ Bf8 31. Re8 Kg7 32. Qb6 Kh7 33. Nd5 Bg7 34. Rxh8+ Kxh8 35. Qd8+ Kh7 36. Ne7 Rf2+ 37. Ke3 1-0